Teória a prax projektovania dividendovej politiky
Niektoré stránky dividendovej politiky ako významnej oblasti finančného rozhodovania podniku, akciovej spoločnosti. Niektoré aspekty teórie a praxe dividendovej politiky vyspelých zahraničných firiem a ich komparácia so súčasným stavom našich akciových spoločností. Úloha dividendovej politiky. Druhy...
Salvato in:
| Autore principale: | |
|---|---|
| Natura: | Capitolo di libro |
| Lingua: | slovacco |
| Soggetti: | |
| Tags: |
Nessun Tag, puoi essere il primo ad aggiungerne!!
|
MARC
| LEADER | 00000naa a2200000 4500 | ||
|---|---|---|---|
| 001 | r027273 | ||
| 005 | 20230912112144.0 | ||
| 041 | 0 | |a slo | |
| 044 | |a SK | ||
| 245 | 1 | 0 | |a Teória a prax projektovania dividendovej politiky |c Jozef Kráľovič |
| 520 | |a Niektoré stránky dividendovej politiky ako významnej oblasti finančného rozhodovania podniku, akciovej spoločnosti. Niektoré aspekty teórie a praxe dividendovej politiky vyspelých zahraničných firiem a ich komparácia so súčasným stavom našich akciových spoločností. Úloha dividendovej politiky. Druhy a formy dividend. Faktory ovplyvňujúce projektovanie dividendovej politiky. Dividendové teórie a typy. Rozhodovanie o výške dividend. | ||
| 610 | 2 | 0 | |a politika dividendová |
| 610 | 2 | 0 | |a projektovanie |
| 610 | 2 | 0 | |a dividendy |
| 610 | 2 | 0 | |a rozhodovanie finančné |
| 610 | 2 | 0 | |a firmy |
| 610 | 2 | 0 | |a krajiny vyspelé |
| 610 | 2 | 0 | |a podiely na zisku |
| 100 | 1 | |a Kráľovič, Jozef | |